Top 20 Amtszeiten Staatoberhäupter - Statistiken

Allgemein
  • Dieses Quiz wurde 3 mal gespielt
  • Das Durchschnittsergebnis liegt bei 1 aus 20
Antwortstatistiken
Land Amtzeit Name % Korrekt
Schweden 52 Jahre Carl XVI. Gustaf
67%
Brunei 58 Jahre Hassanal Bolkiah
33%
Jordanien 26 Jahre Abdullah II. bin al-Hussein
0%
Iran 36 Jahre Ali Chamenei
0%
Belarus 31 Jahre Aljaksandr Ryhorawitsch Lukaschenka
0%
Republik Kongo 28 Jahre Denis Sassou-Nguesso
0%
Tadschikistan 33 Jahre Emomalij Rahmon
0%
Bahrain 26 Jahre Hamad bin Isa Al Chalifa
0%
Norwegen 35 Jahre Harald V. von Norwegen
0%
Aserbaidschan 22 Jahre İlham Heydər oğlu Əliyev
0%
Eritrea 32 Jahre Isayas Afewerki
0%
Dschibuti 26 Jahre Ismaïl Omar Guelleh
0%
Lesotho 29 Jahre Letsie III.
0%
Marokko 26 Jahre Mohammed VI.
0%
Eswatini 39 Jahre Mswati III.
0%
Kamerun 43 Jahre Paul Biya
0%
Ruanda 25 Jahre Paul Kagame
0%
Liechtenstein 36 Jahre S. D. Hans-Adam II.
0%
Äquatorialguinea 46 Jahre Teodoro Obiang Nguema Mbasogo
0%
Uganda 40 Jahre Yoweri Kaguta Museveni
0%
Keine übereinstimmenden Quizze gefunden
Verteilung der Resultate
Anzahl Personen mit jedem Resultat
Perzentil nach korrekt beantworteten Fragen
Ihre Resultats-Entwicklung
Sie haben dieses Quiz noch nicht gespielt